Countries with the highest petrol prices - Statistics

General Stats
  • This quiz has been taken 101 times
  • The average score is 7 of 15
Answer Stats
$/Litre Country % Correct
1.83 Norway
86%
1.62 Sweden
84%
1.67 Denmark
73%
1.62 France
72%
1.75 Iceland
68%
1.69 Italy
68%
1.77 Netherlands
68%
1.59 Portugal
51%
1.98 Monaco
42%
1.70 Greece
41%
1.64 Israel
32%
1.70 Uruguay
7%
1.80 Barbados
4%
3.32 Zimbabwe
4%
1.71 Zambia
1%
No matching quizzes found
Score Distribution
Percent of People with Each Score
Percentile by Number Answered
Your Score History
You have not taken this quiz